Harry Potter Middle Names - Statistics

General Stats
  • This quiz has been taken 217 times
  • The average score is 11 of 16
Answer Stats
Answer % Correct
Harry {James} Potter
100%
Hermione {Jean} Granger
92%
Albus {Severus} Potter
89%
Ronald {Bilius} Weasley
88%
Tom {Marvolo} Riddle
85%
Albus {Percival} {Wulfric} {Brian} Dumbledore
76%
Dolores {Jane} Umbridge
74%
Teddy {Remus} Lupin
65%
Regulus {Arcturus} Black
63%
Phineas {Nigellus} Black
60%
Amelia {Susan} Bones
57%
Remus {John} Lupin
54%
William {Arthur} "Bill" Weasley
54%
Percy {Ignatius} Weasley
37%
Fleur {Isabelle} Delacour
33%
Cornelius {Oswald} Fudge
30%
No matching quizzes found
Score Distribution
Percent of People with Each Score
Percentile by Number Answered
Your Score History
You have not taken this quiz